SASUKE ファイナリスト - Statistics

General Stats
  • This quiz has been taken 53 times
  • The average score is 12 of 29
Answer Stats
ファイナル進出回 Answer % Correct
第11~13回 第17回 第23回 長野誠
86%
第31回 第35回 第36回 第38回 第40回 森本裕介
83%
第3回 山田勝己
77%
第37回 第40回 多田竜也
69%
第22回 第24回 第27回 漆原裕治
66%
第27回 第30回 又地諒
66%
第30回 川口朋広
63%
第3回 第7回 山本進悟
54%
第8回 ケイン・コスギ
54%
第37回 レネ・キャスリー
54%
第12回 白鳥文平
51%
第40回 山本良幸
51%
第1~3回 大森晃
49%
第4回 秋山和彦
49%
第23回 菅野仁志
46%
第24回 リー・エンチ
46%
第42回 宮岡良丞
40%
第17回 長崎峻侑
31%
第24回 高橋賢次
31%
第8回 ヨルダン・ヨブチェフ
29%
第24回 奥山義行
29%
第2回 田中光
20%
第24回 橋本亘司
17%
第12回 朝岡弘行
14%
第1回 楊崇
11%
第1回 長谷川健
11%
第1回 川島孝幸
9%
第3回 松本稔
3%
第3回 山本達也
3%
No matching quizzes found
Score Distribution
Percent of People with Each Score
Percentile by Number Answered
Your Score History
You have not taken this quiz